[Event "Mittelrhein Verbandsliga-S 18/19"]
[Site "Nordrheinwestfalen"]
[Date "2018.10.28"]
[Round "3.5"]
[White "Behl, Torsten"]
[Black "Rieber, Ingo"]
[Result "0-1"]
[WhiteElo "1985"]
[BlackElo "1815"]
[PlyCount "40"]
[EventDate "2018.09.02"]
[EventType "team-tourn"]
[EventRounds "11"]
[EventCountry "GER"]
[SourceTitle "EXT 2022"]
[Source "ChessBase"]
[SourceDate "2021.10.06"]
[SourceVersion "1"]
[SourceVersionDate "2021.10.06"]
[SourceQuality "1"]
[WhiteTeam "Hennef"]
[BlackTeam "Bruehl II"]
[WhiteTeamCountry "GER"]
[BlackTeamCountry "GER"]

1. e4 c5 2. Nf3 d6 3. d4 cxd4 4. Nxd4 Nf6 5. Nc3 g6 6. Be2 Bg7 7. 0-0 Nc6 8. Nxc6 bxc6 9. Be3 d5 10. e5 Nd7 11. f4 0-0 12. b3 f6 13. Nxd5 fxe5 14. Nb4 Qc7 15. Bc4+ Kh8 16. fxe5 Rxf1+ 17. Qxf1 Nxe5 18. Bd4 Bf5 19. Re1 Ng4 20. Bxg7+ Kxg7 0-1

[Event "Mittelrhein Verbandsliga-S 17/18"]
[Site "Nordrheinwestfalen"]
[Date "2018.03.18"]
[Round "9.4"]
[White "Both, David"]
[Black "Behl, Torsten"]
[Result "1/2-1/2"]
[WhiteElo "1860"]
[BlackElo "1967"]
[PlyCount "51"]
[EventDate "2017.09.10"]
[EventType "team-tourn"]
[EventRounds "11"]
[EventCountry "GER"]
[SourceTitle "EXT 2022"]
[Source "ChessBase"]
[SourceDate "2021.10.06"]
[SourceVersion "1"]
[SourceVersionDate "2021.10.06"]
[SourceQuality "1"]
[WhiteTeam "Troisdorf"]
[BlackTeam "Hennef"]
[WhiteTeamCountry "GER"]
[BlackTeamCountry "GER"]

1. c4 Nf6 2. g3 g6 3. Bg2 d5 4. cxd5 Nxd5 5. Nc3 Nb6 6. d3 Bg7 7. Be3 Nc6 8. Rc1 e5 9. Qd2 h6 10. Bc5 Bd7 11. e3 Bf5 12. Ne4 Qd7 13. Ba3 Bxe4 14. Bxe4 Nd5 15. Rc5 Nce7 16. Ne2 c6 17. 0-0 Rd8 18. Rd1 Nc7 19. b3 Ne6 20. Rc4 0-0 21. Bb2 Ng5 22. Bg2 Nh3+ 23. Bxh3 Qxh3 24. Qa5 Qh5 25. Rc2 a6 26. Qc7 1/2-1/2

[Event "Mittelrhein Verbandsliga-S 17/18"]
[Site "Nordrheinwestfalen"]
[Date "2017.10.22"]
[Round "3.6"]
[White "Froitzheim, Ralf"]
[Black "Behl, Torsten"]
[Result "0-1"]
[WhiteElo "1814"]
[BlackElo "1967"]
[PlyCount "88"]
[EventDate "2017.09.10"]
[EventType "team-tourn"]
[EventRounds "11"]
[EventCountry "GER"]
[SourceTitle "EXT 2022"]
[Source "ChessBase"]
[SourceDate "2021.10.06"]
[SourceVersion "1"]
[SourceVersionDate "2021.10.06"]
[SourceQuality "1"]
[WhiteTeam "Niederkassel II"]
[BlackTeam "Hennef"]
[WhiteTeamCountry "GER"]
[BlackTeamCountry "GER"]

1. c4 Nf6 2. g3 d5 3. cxd5 Nxd5 4. Bg2 Nb6 5. Nc3 g6 6. d3 Bg7 7. Be3 Nc6 8. Bxc6+ bxc6 9. Qc1 h6 10. Nf3 Kf8 11. h4 Bg4 12. Nd2 Nd5 13. Nxd5 cxd5 14. d4 Kg8 15. Nb3 Kh7 16. f3 Be6 17. Nc5 Bc8 18. Qd2 e5 19. Rc1 Re8 20. Kf2 Qe7 21. Rhe1 Rb8 22. b3 a5 23. dxe5 Qxe5 24. Bf4 Qf5 25. g4 Qf6 26. g5 Qf5 27. Rh1 Rb4 28. e3 c6 29. gxh6 Bf6 30. h5 g5 31. Bc7 g4 32. f4 g3+ 33. Kg2 d4 34. e4 Rxe4 35. Nxe4 Qxe4+ 36. Kxg3 Qf5 37. Qe2 d3 38. Qf3 Be6 39. Rh2 Bd5 40. Qd1 Qe4 41. Kf2 Bd4+ 42. Kf1 Qe3 43. Rg2 Bf3 44. Qe1 Be2+ 0-1

[Event "Mittelrhein Verbandsliga-O 16/17"]
[Site "Nordrheinwestfalen"]
[Date "2016.12.18"]
[Round "5"]
[White "Scheeren, Carlos"]
[Black "Behl, Torsten"]
[Result "1/2-1/2"]
[WhiteElo "1731"]
[BlackElo "2005"]
[PlyCount "65"]
[EventDate "2016.09.11"]
[EventType "team-tourn"]
[EventRounds "11"]
[EventCountry "GER"]
[SourceTitle "EXT 2022"]
[Source "ChessBase"]
[SourceDate "2021.10.06"]
[SourceVersion "1"]
[SourceVersionDate "2021.10.06"]
[SourceQuality "1"]
[WhiteTeam "Kalker/Deutzer SG"]
[BlackTeam "Niederkassel II"]
[WhiteTeamCountry "GER"]
[BlackTeamCountry "GER"]

1. e4 c5 2. Nf3 d6 3. d4 cxd4 4. Nxd4 Nf6 5. Nc3 a6 6. Be3 e5 7. Nb3 Be6 8. Qd2 Nbd7 9. f3 Rc8 10. 0-0-0 Qc7 11. Kb1 b5 12. g4 Nb6 13. Qf2 Nfd7 14. Nd5 Bxd5 15. exd5 Nc4 16. Bd3 Ndb6 17. Bxb6 Qxb6 18. Qxb6 Nxb6 19. Bf5 Rc7 20. Be4 g6 21. Na5 Bh6 22. b3 Rf8 23. Rhe1 f5 24. gxf5 gxf5 25. Bd3 Ke7 26. c4 Kf6 27. Re2 bxc4 28. Bxc4 Rb8 29. Nc6 Rxc6 30. dxc6 Nxc4 31. c7 Na3+ 32. Kb2 Nc4+ 33. Kb1 1/2-1/2

[Event "Mittelrhein Verbandsliga-O 15/16"]
[Site "Nordrheinwestfalen"]
[Date "2016.05.01"]
[Round "11"]
[White "Jonas, Rainer"]
[Black "Behl, Torsten"]
[Result "1/2-1/2"]
[WhiteElo "1798"]
[BlackElo "2005"]
[PlyCount "42"]
[EventDate "2015.09.06"]
[EventType "team-tourn"]
[EventRounds "11"]
[EventCountry "GER"]
[SourceTitle "EXT 2022"]
[Source "ChessBase"]
[SourceDate "2021.10.06"]
[SourceVersion "1"]
[SourceVersionDate "2021.10.06"]
[SourceQuality "1"]
[WhiteTeam "Rheinbacher SF"]
[BlackTeam "Niederkassel II"]
[WhiteTeamCountry "GER"]
[BlackTeamCountry "GER"]

1. d4 Nf6 2. Nf3 g6 3. Nc3 d5 4. Bf4 Bg7 5. e3 0-0 6. h3 Re8 7. Ne5 c6 8. Be2 Nfd7 9. e4 Nxe5 10. Bxe5 Bxe5 11. dxe5 d4 12. Nb1 Qa5+ 13. c3 dxc3 14. Nxc3 Qxe5 15. 0-0 Nd7 16. f4 Qg7 17. Qc2 Nf8 18. Rad1 Ne6 19. Bc4 b5 20. Bd3 Nc5 21. Be2 b4 1/2-1/2

[Event "Mittelrhein Verbandsliga-O 15/16"]
[Site "Nordrheinwestfalen"]
[Date "2016.04.10"]
[Round "10"]
[White "Budzyn, Marcus"]
[Black "Behl, Torsten"]
[Result "1-0"]
[WhiteElo "1950"]
[BlackElo "2005"]
[PlyCount "67"]
[EventDate "2015.09.06"]
[EventType "team-tourn"]
[EventRounds "11"]
[EventCountry "GER"]
[SourceTitle "EXT 2022"]
[Source "ChessBase"]
[SourceDate "2021.10.06"]
[SourceVersion "1"]
[SourceVersionDate "2021.10.06"]
[SourceQuality "1"]
[WhiteTeam "Troisdorf"]
[BlackTeam "Niederkassel II"]
[WhiteTeamCountry "GER"]
[BlackTeamCountry "GER"]

1. Nf3 Nf6 2. c4 g6 3. g3 Bg7 4. Bg2 d5 5. cxd5 Nxd5 6. d4 Nb6 7. 0-0 Nc6 8. e3 0-0 9. Nc3 Re8 10. b3 e5 11. dxe5 Nxe5 12. Nxe5 Bxe5 13. Bb2 c6 14. Qc2 Bg4 15. h3 Bf5 16. e4 Be6 17. Rad1 Qe7 18. Na4 Bxb2 19. Nxb2 a5 20. Nd3 a4 21. Nc5 axb3 22. axb3 Ra3 23. Rd3 Rd8 24. Rxd8+ Qxd8 25. Nxb7 Qc8 26. Nc5 Bxh3 27. Rd1 Bxg2 28. Kxg2 Ra8 29. Qc3 Qg4 30. Rd6 h5 31. Rxc6 Nd7 32. Nxd7 Qxd7 33. Qc4 Qd1 34. Rxg6+ 1-0

[Event "Mittelrhein Verbandsliga Ost 1415"]
[Site "Mittelrhein"]
[Date "2014.10.19"]
[Round "3.4"]
[White "Wambach, Patrick"]
[Black "Behl, Torsten"]
[Result "0-1"]
[WhiteElo "1924"]
[BlackElo "2008"]
[PlyCount "78"]
[EventDate "2014.09.07"]
[EventType "team-tourn"]
[EventRounds "11"]
[EventCountry "GER"]
[SourceTitle "EXT 2023"]
[Source "ChessBase"]
[SourceDate "2022.10.05"]
[SourceVersion "1"]
[SourceVersionDate "2022.10.05"]
[SourceQuality "1"]
[WhiteTeam "Siebengebirge"]
[BlackTeam "Niederkassel II"]
[WhiteTeamCountry "GER"]
[BlackTeamCountry "GER"]

1. Nf3 Nf6 2. c4 g6 3. g3 Bg7 4. Bg2 0-0 5. 0-0 d5 6. cxd5 Nxd5 7. Nc3 Nb6 8. d3 Nc6 9. Bd2 Re8 10. Rb1 a5 11. Ne4 h6 12. Bc3 e5 13. Qc1 Qe7 14. Bd2 Kh7 15. Qc5 Qd8 16. Qc2 f5 17. Nc5 Qe7 18. Rfc1 e4 19. dxe4 fxe4 20. Nh4 Nd4 21. Qd1 Bg4 22. Bf1 c6 23. Nb3 Qf7 24. Nxa5 Red8 25. Qe1 Nd5 26. e3 Ne6 27. Be2 Bxe2 28. Qxe2 Bf6 29. Ng2 Ng5 30. Nb3 Nf3+ 31. Kh1 g5 32. Ne1 Ne5 33. Nc5 Ng6 34. f3 exf3 35. Qxf3 g4 36. Qf2 Qg7 37. Ng2 Rf8 38. Nf4 Ngxf4 39. gxf4 Qf7 0-1

[Event "Mittelrhein Verbandsliga Ost 1314"]
[Site "Mittelrhein"]
[Date "2013.12.15"]
[Round "5.5"]
[White "Gassmann, Peter"]
[Black "Behl, Torsten"]
[Result "0-1"]
[WhiteElo "1950"]
[BlackElo "1999"]
[PlyCount "52"]
[EventDate "2013.09.15"]
[EventType "team-tourn"]
[EventRounds "11"]
[EventCountry "GER"]
[SourceTitle "EXT 2023"]
[Source "ChessBase"]
[SourceDate "2022.10.05"]
[SourceVersion "1"]
[SourceVersionDate "2022.10.05"]
[SourceQuality "1"]
[WhiteTeam "Siegburg"]
[BlackTeam "Niederkassel II"]
[WhiteTeamCountry "GER"]
[BlackTeamCountry "GER"]

1. e4 c5 2. f4 Nc6 3. Nf3 g6 4. d4 cxd4 5. Nxd4 Bg7 6. c3 Qb6 7. Nb3 d6 8. Qf3 Nh6 9. Be3 Qc7 10. h3 0-0 11. Bd3 f5 12. 0-0 fxe4 13. Qxe4 Kh8 14. Nd4 Nf5 15. Ne6 Bxe6 16. Qxe6 Rf6 17. Qe4 Ng3 18. Qc4 Nxf1 19. Bxf1 Rd8 20. Na3 d5 21. Qa4 a6 22. Rd1 Bh6 23. Qb3 Bxf4 24. Bb6 Qe5 25. Nc2 Rdf8 26. Qxd5 Bh2+ 0-1

[Event "Verbandsliga Mittelrhein-Ost 1213"]
[Site "Germany"]
[Date "2012.10.21"]
[Round "3.5"]
[White "Simons, Peter"]
[Black "Behl, Torsten"]
[Result "1/2-1/2"]
[WhiteElo "1938"]
[BlackElo "2004"]
[PlyCount "61"]
[EventDate "2012.09.09"]
[EventType "team"]
[EventRounds "11"]
[EventCountry "GER"]
[SourceTitle "EXT 2015"]
[Source "ChessBase"]
[SourceDate "2014.11.20"]
[SourceVersion "1"]
[SourceVersionDate "2014.11.20"]
[SourceQuality "1"]
[WhiteTeam "Rheinbacher SF"]
[BlackTeam "Niederkassel II"]
[WhiteTeamCountry "GER"]
[BlackTeamCountry "GER"]

1. c4 Nf6 2. Nc3 d5 3. cxd5 Nxd5 4. Nf3 g6 5. e4 Nxc3 6. dxc3 Qxd1+ 7. Kxd1 Bg4 8. Bf4 c6 9. Kc2 Bxf3 10. gxf3 Nd7 11. Bc4 e5 12. Be3 Bc5 13. Rhd1 Bxe3 14. fxe3 f6 15. Rd6 0-0-0 16. Rad1 Kc7 17. Bf1 Rhf8 18. Bh3 Nb6 19. R6d3 Rxd3 20. Rxd3 Rd8 21. b3 a5 22. Be6 Rxd3 23. Kxd3 Kd6 24. Bg8 h6 25. Bh7 g5 26. Bf5 Na8 27. Bh3 Nc7 28. Kd2 Kc5 29. a3 b6 30. Kc2 b5 31. Kd3 1/2-1/2

[Event "Mittelrhein-chT 1112"]
[Site "Germany"]
[Date "2011.12.18"]
[Round "6.7"]
[White "Behl, Torsten"]
[Black "Mandt, Mathias"]
[Result "1/2-1/2"]
[WhiteElo "2008"]
[BlackElo "2044"]
[PlyCount "24"]
[EventDate "2011.09.11"]
[EventType "team-tourn"]
[EventRounds "13"]
[EventCountry "GER"]
[SourceTitle "EXT 2013"]
[Source "ChessBase"]
[SourceDate "2012.11.22"]
[SourceVersion "1"]
[SourceVersionDate "2012.11.22"]
[SourceQuality "1"]
[WhiteTeam "Niederkassel"]
[BlackTeam "Koeln Lasker"]
[WhiteTeamCountry "GER"]
[BlackTeamCountry "GER"]

1. e4 Nf6 2. Nc3 d5 3. e5 d4 4. exf6 dxc3 5. fxg7 cxd2+ 6. Qxd2 Qxd2+ 7. Bxd2 Bxg7 8. 0-0-0 Bf5 9. Nf3 Nd7 10. Be3 a6 11. Bd3 Bg4 12. Be2 0-0-0 1/2-1/2

[Event "Mittelrhein-chT 1112"]
[Site "Germany"]
[Date "2011.11.13"]
[Round "4.7"]
[White "Behl, Torsten"]
[Black "Meier, Tobias"]
[Result "0-1"]
[WhiteElo "2008"]
[BlackElo "1966"]
[PlyCount "48"]
[EventDate "2011.09.11"]
[EventType "team-tourn"]
[EventRounds "13"]
[EventCountry "GER"]
[SourceTitle "EXT 2013"]
[Source "ChessBase"]
[SourceDate "2012.11.22"]
[SourceVersion "1"]
[SourceVersionDate "2012.11.22"]
[SourceQuality "1"]
[WhiteTeam "Niederkassel"]
[BlackTeam "Gruenfeld"]
[WhiteTeamCountry "GER"]
[BlackTeamCountry "GER"]

1. e4 c5 2. Nf3 e6 3. d4 cxd4 4. Nxd4 a6 5. Bd3 Nf6 6. 0-0 Qc7 7. Kh1 Be7 8. f4 d6 9. Qe1 Nbd7 10. Qg3 b6 11. Nf3 h5 12. e5 h4 13. Qe1 Nh5 14. Nc3 Bb7 15. Be4 d5 16. Bd3 b5 17. Be3 Nb6 18. Qf2 Nc4 19. Bd4 Ng3+ 20. Kg1 Nxf1 21. Rxf1 Nxb2 22. f5 Nxd3 23. cxd3 exf5 24. Bb6 Qxc3 0-1

[Event "Regionalliga Mittelrhein 1011"]
[Site "Germany"]
[Date "2011.05.01"]
[Round "9.5"]
[White "Neubauer, Juergen"]
[Black "Behl, Torsten"]
[Result "1/2-1/2"]
[WhiteElo "2036"]
[BlackElo "2028"]
[PlyCount "110"]
[EventDate "2010.10.24"]
[EventType "team"]
[EventRounds "9"]
[EventCountry "GER"]
[SourceTitle "EXT 2015"]
[Source "ChessBase"]
[SourceDate "2014.11.20"]
[SourceVersion "1"]
[SourceVersionDate "2014.11.20"]
[SourceQuality "1"]
[WhiteTeam "Euskirchen Turm"]
[BlackTeam "Niederkassel"]
[WhiteTeamCountry "GER"]
[BlackTeamCountry "GER"]

1. e4 c5 2. Nf3 d6 3. d4 cxd4 4. Nxd4 Nf6 5. f3 e5 6. Nb3 d5 7. Bg5 dxe4 8. Qxd8+ Kxd8 9. fxe4 Bb4+ 10. c3 Be7 11. N1d2 Bg4 12. Bc4 Bh5 13. 0-0 Nbd7 14. Rae1 Rc8 15. Be2 Bg6 16. Bf3 Ne8 17. Be3 Nd6 18. Rd1 b6 19. Rfe1 Nf6 20. a4 Kc7 21. a5 Kb7 22. Bf2 Rhd8 23. Bg3 Nd7 24. axb6 axb6 25. Bg4 f6 26. Nf1 Bf7 27. Nc1 Rc7 28. Bf3 Nc5 29. Bf2 Nb3 30. Ne3 Nxc1 31. Rxc1 Nc4 32. Nxc4 Bxc4 33. Rcd1 Rcd7 34. Rxd7+ Rxd7 35. Rd1 Rxd1+ 36. Bxd1 Bd3 37. Bf3 Ka6 38. Be3 Kb5 39. Kf2 Bc5 40. Bxc5 Kxc5 41. Ke3 Kc4 42. Bg4 Bc2 43. Be6+ Kc5 44. Bd5 f5 45. Bb7 f4+ 46. Kd2 Bb3 47. Ba6 b5 48. Bc8 g5 49. Bg4 Bf7 50. b4+ Kc6 51. Bf3 Be6 52. h3 Bc4 53. Ke1 Bf7 54. Kf2 h5 55. g3 h4 1/2-1/2

[Event "Regionalliga Mittelrhein 1011"]
[Site "Germany"]
[Date "2010.12.12"]
[Round "3.7"]
[White "Behl, Torsten"]
[Black "Kirchner, Gerd"]
[Result "1/2-1/2"]
[WhiteElo "2028"]
[BlackElo "1888"]
[PlyCount "106"]
[EventDate "2010.10.24"]
[EventType "team"]
[EventRounds "9"]
[EventCountry "GER"]
[SourceTitle "EXT 2015"]
[Source "ChessBase"]
[SourceDate "2014.11.20"]
[SourceVersion "1"]
[SourceVersionDate "2014.11.20"]
[SourceQuality "1"]
[WhiteTeam "Niederkassel"]
[BlackTeam "Horrem"]
[WhiteTeamCountry "GER"]
[BlackTeamCountry "GER"]

1. e4 d6 2. d4 Nf6 3. Nc3 c6 4. f4 Qa5 5. e5 Ne4 6. Qf3 Nxc3 7. Bd2 Qd5 8. Qxc3 Bg4 9. Nf3 Qe4+ 10. Kd1 dxe5 11. dxe5 Nd7 12. Bc4 Nb6 13. Bb3 Nd5 14. Bxd5 Qxd5 15. Rf1 e6 16. h3 Bf5 17. Kc1 Bc5 18. Be3 Bxe3+ 19. Qxe3 Rd8 20. b3 a5 21. Kb2 0-0 22. Rad1 Qe4 23. Qxe4 Bxe4 24. Rxd8 Rxd8 25. Kc3 Kf8 26. Rf2 h6 27. Nd2 Bd5 28. Nc4 Bxc4 29. Kxc4 Rd5 30. Kc3 b5 31. a3 Ke7 32. Rf3 h5 33. g4 hxg4 34. hxg4 g5 35. a4 gxf4 36. axb5 cxb5 37. Rxf4 Rxe5 38. Kd3 f5 39. gxf5 Rxf5 40. Rh4 Kd6 41. Rh8 Kc5 42. Re8 Rd5+ 43. Ke3 Rd6 44. c3 a4 45. bxa4 bxa4 46. Ra8 Kb5 47. c4+ Kb4 48. c5 Rd5 49. c6 Rc5 50. Rb8+ Kc3 51. Rc8 Kb3 52. Rb8+ Kc4 53. Rc8 Kb5 1/2-1/2

[Event "Troisdorf op "]
[Site "Troisdorf"]
[Date "2010.11.26"]
[Round "6"]
[White "Behl, Torsten"]
[Black "Schmidt, Kai Uwe"]
[Result "1-0"]
[WhiteElo "2028"]
[BlackElo "1923"]
[PlyCount "39"]
[EventDate "2010.10.26"]
[EventType "swiss"]
[EventRounds "7"]
[EventCountry "GER"]
[SourceTitle "EXT 2013"]
[Source "ChessBase"]
[SourceDate "2012.11.22"]
[SourceVersion "1"]
[SourceVersionDate "2012.11.22"]
[SourceQuality "1"]

1. e4 c5 2. Nf3 d6 3. d4 cxd4 4. Nxd4 Nf6 5. Nc3 Nc6 6. Nxc6 bxc6 7. Bd3 e5 8. 0-0 Be7 9. Kh1 0-0 10. f4 exf4 11. Bxf4 Be6 12. e5 dxe5 13. Bxe5 Ng4 14. Bf4 Qb6 15. Qe1 Qxb2 16. h3 Bf6 17. Bd2 Rfe8 18. Rb1 Qa3 19. hxg4 Bxg4 20. Qg3 1-0

[Event "Troisdorf op "]
[Site "Troisdorf"]
[Date "2010.10.26"]
[Round "1"]
[White "Karwatzki, Hans Juergen"]
[Black "Behl, Torsten"]
[Result "1-0"]
[WhiteElo "1596"]
[BlackElo "2028"]
[PlyCount "117"]
[EventDate "2010.10.26"]
[EventType "swiss"]
[EventRounds "7"]
[EventCountry "GER"]
[SourceTitle "EXT 2013"]
[Source "ChessBase"]
[SourceDate "2012.11.22"]
[SourceVersion "1"]
[SourceVersionDate "2012.11.22"]
[SourceQuality "1"]

1. e4 c5 2. Nc3 Nc6 3. f4 d6 4. Bb5 g6 5. Bxc6+ bxc6 6. Nf3 Bg7 7. 0-0 e6 8. d3 Ne7 9. Qe1 0-0 10. Ng5 h6 11. Nf3 Rb8 12. Qh4 f5 13. Kh1 Kf7 14. Qe1 Bf6 15. Nd1 c4 16. e5 Bg7 17. dxc4 Ba6 18. exd6 Qxd6 19. Ne5+ Kg8 20. Rf3 Rfd8 21. Rd3 Qc7 22. Nf2 Bxe5 23. fxe5 Bxc4 24. Rc3 Bd5 25. Bxh6 Rxb2 26. Nd3 Rb7 27. Bg5 Be4 28. Qh4 Bxd3 29. Bf6 Qb6 30. Rb3 Bb5 31. Bxe7 Qd4 32. Qxd4 Rxd4 33. Bd6 Rd7 34. Kg1 Kg7 35. Rh3 Rd2 36. c3 Bc4 37. a3 Bd5 38. Rg3 Rb7 39. Bb4 Re2 40. h4 Kf7 41. Rd1 Rxe5 42. c4 Bxc4 43. Rd8 c5 44. Bc3 Rd5 45. Rh8 Rb1+ 46. Kh2 f4 47. Rh7+ Ke8 48. Rxg6 Rf5 49. Bf6 e5 50. Rxa7 Rb6 51. Rgg7 Bd5 52. Rgc7 Rb8 53. Re7+ Kf8 54. Bg7+ Kg8 55. Bxe5 Rc8 56. Rg7+ Kf8 57. Bd6+ Ke8 58. Rge7+ Kf8 59. Rec7+ 1-0

[Event "Regionalliga Mittelrhein 1011"]
[Site "Germany"]
[Date "2010.10.24"]
[Round "1.6"]
[White "Schulten, Berthold"]
[Black "Behl, Torsten"]
[Result "0-1"]
[WhiteElo "1975"]
[BlackElo "2028"]
[PlyCount "75"]
[EventDate "2010.10.24"]
[EventType "team"]
[EventRounds "9"]
[EventCountry "GER"]
[SourceTitle "EXT 2015"]
[Source "ChessBase"]
[SourceDate "2014.11.20"]
[SourceVersion "1"]
[SourceVersionDate "2014.11.20"]
[SourceQuality "1"]
[WhiteTeam "Aachen PTSV"]
[BlackTeam "Niederkassel"]
[WhiteTeamCountry "GER"]
[BlackTeamCountry "GER"]

1. c4 Nf6 2. Nc3 d5 3. cxd5 Nxd5 4. g3 g6 5. Bg2 Nb6 6. Nf3 Bg7 7. 0-0 Nc6 8. d3 0-0 9. Be3 Re8 10. Rb1 e5 11. Nd2 Nd4 12. h3 c6 13. Nde4 h6 14. b4 f5 15. Nc5 Qe7 16. a4 Nd7 17. Nxd7 Bxd7 18. b5 Rab8 19. Bd2 Kh7 20. e3 Ne6 21. Ne2 Qd6 22. Bc3 Rbd8 23. d4 e4 24. Bb4 Qb8 25. bxc6 Bxc6 26. Nc3 Nc7 27. Qb3 Nd5 28. Nxd5 Bxd5 29. Qb2 Re6 30. Rfc1 Rc8 31. Bf1 g5 32. Bb5 Bc6 33. Rc2 f4 34. Be1 fxg3 35. fxg3 Bxb5 36. axb5 Rf6 37. Rbc1 Rcf8 38. Rg2 0-1

[Event "Troisdorf op"]
[Site "Troisdorf"]
[Date "2009.12.01"]
[Round "6"]
[White "Meissner, Wolf Dieter"]
[Black "Behl, Torsten"]
[Result "1/2-1/2"]
[WhiteElo "1977"]
[BlackElo "2018"]
[PlyCount "26"]
[EventDate "2009.10.27"]
[EventType "swiss"]
[EventRounds "7"]
[EventCountry "GER"]
[SourceTitle "EXT 2011"]
[Source "ChessBase"]
[SourceDate "2010.11.26"]
[SourceVersion "1"]
[SourceVersionDate "2010.11.26"]
[SourceQuality "1"]

1. c4 Nf6 2. g3 g6 3. Bg2 d5 4. Nf3 Bg7 5. 0-0 0-0 6. cxd5 Nxd5 7. Nc3 Nb6 8. d3 Nc6 9. Bd2 e5 10. Rc1 Re8 11. Ne4 Qe7 12. Nc5 Nd7 13. Qc2 Nxc5 1/2-1/2

[Event "Troisdorf op"]
[Site "Troisdorf"]
[Date "2007.11.06"]
[Round "3"]
[White "Seyl, Frank"]
[Black "Behl, Torsten"]
[Result "0-1"]
[WhiteElo "1897"]
[BlackElo "2102"]
[PlyCount "105"]
[EventDate "2007.10.16"]
[EventType "swiss"]
[EventRounds "5"]
[EventCountry "GER"]
[SourceTitle "EXT 2011"]
[Source "ChessBase"]
[SourceDate "2010.11.26"]
[SourceVersion "1"]
[SourceVersionDate "2010.11.26"]
[SourceQuality "1"]

1. d4 Nf6 2. c4 g6 3. Nf3 Bg7 4. g3 0-0 5. Bg2 d5 6. cxd5 Nxd5 7. 0-0 Nb6 8. Nc3 Nc6 9. d5 Na5 10. e4 c6 11. Nd4 cxd5 12. exd5 e5 13. Nb3 Nac4 14. Qe2 Bf5 15. a4 Nd6 16. a5 Nbc4 17. Ra4 Rc8 18. Nd2 Nxa5 19. Nde4 Nxe4 20. Nxe4 a6 21. Bd2 Nb3 22. Bb4 Nd4 23. Qd1 Rc1 24. Qd2 Rxf1+ 25. Kxf1 Qd7 26. Ra3 Qb5+ 27. Kg1 Rc8 28. Ra1 Rc1+ 29. Qxc1 Qxb4 30. Qd2 Qc4 31. Rc1 Qb3 32. Rc3 Qb5 33. Rc5 Qb3 34. Rc3 Qb6 35. h3 Bf8 36. g4 Bxe4 37. Bxe4 Kg7 38. Qe3 Bb4 39. Rc1 Qa5 40. Rd1 Bc5 41. g5 Qb5 42. Bd3 Qe8 43. Re1 Bb4 44. Rc1 Bd2 45. Rc8 Qe7 46. Qg3 Bxg5 47. Qg4 h5 48. Qd1 Qd7 49. Rc3 Qxd5 50. Bf1 Qe4 51. Qd3 Qf4 52. Qg3 Qf6 53. Qd3 0-1

[Event "Hennef op 20th"]
[Site "Hennef"]
[Date "2006.11.22"]
[Round "3"]
[White "Gruene, Nils"]
[Black "Behl, Torsten"]
[Result "1/2-1/2"]
[WhiteElo "1980"]
[BlackElo "2059"]
[PlyCount "26"]
[EventDate "2006.11.08"]
[EventType "swiss"]
[EventRounds "7"]
[EventCountry "GER"]
[SourceTitle "EXT 2009"]
[Source "ChessBase"]
[SourceDate "2008.11.26"]
[SourceVersion "1"]
[SourceVersionDate "2008.11.26"]
[SourceQuality "1"]
[BlackTeam "Germany"]
[BlackTeamCountry "GER"]

1. e4 c5 2. c3 Nf6 3. d3 Nc6 4. Nd2 g6 5. g3 Bg7 6. Bg2 d5 7. Ne2 Ne5 8. Qa4+ Bd7 9. Qc2 Bb5 10. Nf4 dxe4 11. dxe4 g5 12. c4 gxf4 13. cxb5 Qd3 1/2-1/2

[Event "Troisdorf op"]
[Site "Troisdorf"]
[Date "2003.12.02"]
[Round "6"]
[White "Behl, Torsten"]
[Black "Heck, Ewald"]
[Result "1/2-1/2"]
[WhiteElo "1973"]
[BlackElo "1787"]
[PlyCount "45"]
[EventDate "2003.10.14"]
[EventType "swiss"]
[EventRounds "7"]
[EventCountry "GER"]
[SourceTitle "EXT 2005"]
[Source "ChessBase"]
[SourceDate "2004.11.15"]
[SourceVersion "1"]
[SourceVersionDate "2004.11.15"]
[SourceQuality "1"]

1. e4 c5 2. Nf3 Nc6 3. d4 cxd4 4. Nxd4 e5 5. Nb5 a6 6. Nd6+ Bxd6 7. Qxd6 Qf6 8. Qd1 Qg6 9. Nc3 Nf6 10. Qd6 Qg4 11. Be3 Nxe4 12. Nxe4 Qxe4 13. 0-0-0 Qg6 14. Qa3 d5 15. Rxd5 Be6 16. Rd1 f5 17. h4 Kf7 18. Be2 Rhd8 19. h5 Qf6 20. Bb6 Rxd1+ 21. Rxd1 Rc8 22. Kb1 Qh4 23. g3 1/2-1/2

[Event "Troisdorf op"]
[Site "Troisdorf"]
[Date "2003.11.25"]
[Round "5"]
[White "Dormann, Lars"]
[Black "Behl, Torsten"]
[Result "1-0"]
[WhiteElo "2231"]
[BlackElo "1973"]
[PlyCount "33"]
[EventDate "2003.10.14"]
[EventType "swiss"]
[EventRounds "7"]
[EventCountry "GER"]
[SourceTitle "EXT 2005"]
[Source "ChessBase"]
[SourceDate "2004.11.15"]
[SourceVersion "1"]
[SourceVersionDate "2004.11.15"]
[SourceQuality "1"]

1. e4 a6 2. d4 b5 3. Nf3 Bb7 4. Bd3 e6 5. 0-0 c5 6. c3 d6 7. a4 Nd7 8. Re1 b4 9. cxb4 cxb4 10. a5 Ngf6 11. Qa4 d5 12. e5 Ne4 13. Nbd2 Nxd2 14. Bxd2 Rb8 15. Rec1 Bc8 16. Rc6 Be7 17. Bxa6 1-0

[Event "Bad Woerishofen op 19th"]
[Site "Bad Woerishofen"]
[Date "2003.03.14"]
[Round "2"]
[White "Poettinger, Harald"]
[Black "Behl, Torsten"]
[Result "1-0"]
[WhiteElo "2230"]
[BlackElo "2094"]
[PlyCount "69"]
[EventDate "2003.03.13"]
[EventType "swiss"]
[EventRounds "9"]
[EventCountry "GER"]
[SourceTitle "CBM 093 Extra"]
[Source "ChessBase"]
[SourceDate "2003.05.09"]
[SourceVersion "1"]
[SourceVersionDate "2003.05.09"]
[SourceQuality "1"]

1. d4 Nf6 2. Nf3 g6 3. c4 Bg7 4. Nc3 d5 5. e3 0-0 6. Be2 c5 7. 0-0 cxd4 8. exd4 Bg4 9. cxd5 Nxd5 10. h3 Be6 11. Re1 Nc6 12. Bf1 Qb6 13. Na4 Qc7 14. Bg5 Rad8 15. Rc1 Qb8 16. Nc5 Bc8 17. Nb3 Bf6 18. Bh6 Rfe8 19. Qd2 e5 20. Bb5 e4 21. Ng5 Bf5 22. g4 Nf4 23. Bxc6 bxc6 24. gxf5 Bxg5 25. Bxg5 Nxh3+ 26. Kg2 e3 27. Rxe3 Nxg5 28. Rxe8+ Rxe8 29. Qxg5 Qd6 30. fxg6 hxg6 31. Rc3 Re2 32. Re3 Rxb2 33. Re8+ Kg7 34. Rd8 Qe6 35. Qh4 1-0